000 00528nam a2200169 i 4500
001 65841
003 ES-MaACL
005 20230906165501.0
007 t|
008 040122s1945 sp ||||1| spa d
100 1 _aFuentes Ruiz, José.
_952944
245 1 3 _aEl cuclillo canta /
_cJosé María Ríos [seud.] ; con un introito Antonio Gª Figar.
260 _aMadrid :
_b[s.n.,
_c1945] (
_fAfrodisio Aguado)
300 _a213 p. ;
_c21 cm.
700 1 _aGarcía D. Figar, Antonio.
_954397
852 _aES-MaACL
_jC-39357
_bR.76396
999 _c65841
_d65841